Classement Des Médailles JO 2020 - Statistiques

Statistiques générales
  • Ce quiz a été pris 38 fois
  • Le résultat moyen est 19 sur 26
Statistiques - réponses
Classement Nombre de Médailles d'Or🥇 d'Argent🥈 de Bronze🥉 TOTAL Pays % Correct
N°1 39 41 33 113 Etats-Unis
100%
N°2 38 32 19 89 Chine
97%
N°8 10 12 11 33 France
97%
N°3 27 14 17 58 Japon
94%
N°16 6 4 10 20 Corée du Sud
91%
N°4 22 20 22 64 Grande-Bretagne
91%
N°10 10 10 20 41 Italie
91%
N°9 10 11 16 37 Allemagne
88%
N°6 17 7 22 46 Australie
88%
N°11 7 7 10 24 Canada
88%
N°22 3 8 6 17 Espagne
85%
N°5 20 28 23 71 Russie
85%
N°12 7 6 8 21 Brésil
76%
N°13 7 6 7 20 Nouvelle-Zélande
76%
N°17 4 5 5 14 Pologne
73%
N°23 3 6 0 9 Suède
73%
N°7 10 12 14 36 Pays-Bas
70%
N°20 4 2 2 8 Norvège
64%
N°15 6 7 7 20 Hongrie
61%
N°24 3 4 6 13 Suisse
61%
N°25 3 4 4 11 Danemark
55%
N°19 4 4 2 10 Kenya
52%
N°21 4 1 4 9 Jamaïque
48%
N°26 3 3 2 8 Croatie
39%
N°18 4 4 3 11 Tchéquie
33%
N°14 7 3 5 15 Cuba
30%
Aucun quiz correspondant
Distribution des résultats
% des personnes avec chaque résultat
Percentile par nombre de réponses
Votre historique - résultats
Vous n’avez pas pris ce quiz